Statistics for Flags / Black and White

Click here to take the quiz!

General Stats

  • This quiz has been taken 25 times
  • The average score is 77 of 130

Answer Stats

Answer% Correct
Canada
100%
Australia
96%
Japan
96%
South Korea
96%
United Kingdom
96%
Brazil
91%
China
91%
Greece
91%
New Zealand
91%
United States
91%
Turkey
87%
Georgia
83%
Lebanon
83%
Albania
78%
Cyprus
78%
India
78%
Iran
78%
Israel
78%
Pakistan
78%
Saudi Arabia
78%
Spain
78%
Switzerland
78%
Bhutan
74%
Egypt
74%
Iraq
74%
Mexico
74%
Nepal
74%
South Africa
74%
Kenya
70%
Kosovo
70%
North Korea
70%
Singapore
70%
Tunisia
70%
Algeria
65%
Argentina
65%
Barbados
65%
Czech Republic
65%
Dominica
65%
Jordan
65%
Kazakhstan
65%
Malaysia
65%
Malta
65%
Syria
65%
Tonga
65%
Turkmenistan
65%
Uruguay
65%
Vatican City
65%
Afghanistan
61%
Cambodia
61%
Cuba
61%
Dominican Republic
61%
D.R. Congo
61%
Malawi
61%
Maldives
61%
North Macedonia
61%
Oman
61%
Philippines
61%
Taiwan
61%
Azerbaijan
57%
Bosnia & Herzegovina
57%
Croatia
57%
Haiti
57%
Marshall Islands
57%
Mauritania
57%
Niger
57%
Panama
57%
Papua New Guinea
57%
Tajikistan
57%
Uganda
57%
Uzbekistan
57%
Venezuela
57%
Zimbabwe
57%
Bahrain
52%
Belize
52%
Brunei
52%
East Timor
52%
Eritrea
52%
Ethiopia
52%
Honduras
52%
Jamaica
52%
Kiribati
52%
Liberia
52%
Liechtenstein
52%
Mozambique
52%
Namibia
52%
Nauru
52%
Paraguay
52%
Portugal
52%
Rep. of the Congo
52%
Rwanda
52%
Samoa
52%
Serbia
52%
Seychelles
52%
Slovakia
52%
Slovenia
52%
Tanzania
52%
Angola
48%
Cape Verde
48%
Equatorial Guinea
48%
F.S. of Micronesia
48%
Kyrgyzstan
48%
Laos
48%
Mongolia
48%
Qatar
48%
Suriname
48%
Trinidad & Tobago
48%
Vanuatu
48%
Botswana
43%
Burundi
43%
Central African Republic
43%
El Salvador
43%
Nicaragua
43%
Sri Lanka
43%
Togo
43%
Tuvalu
43%
Zambia
43%
Andorra
39%
Belarus
39%
Ecuador
39%
Fiji
39%
Ghana
39%
Lesotho
39%
Moldova
39%
Montenegro
39%
Solomon Islands
39%
St. Kitts & Nevis
39%
St. Vincent and the Grenadines
39%
Djibouti
35%
Gambia
35%
Mauritius
13%

Score Distribution

Percentile by Number Answered

Percent of People with Each Score

Your Score History

You have not taken this quiz